[Event "Niedersachsen-ch op-C"]
[Site "Verden"]
[Date "2013.01.06"]
[Round "7"]
[White "Zozulin, Ruslan"]
[Black "Polster, Christian"]
[Result "1-0"]
[WhiteElo "1620"]
[BlackElo "1195"]
[PlyCount "109"]
[EventDate "2013.01.03"]
[EventType "swiss"]
[EventRounds "7"]
[EventCountry "GER"]
[SourceTitle "EXT 2021"]
[Source "ChessBase"]
[SourceDate "2020.10.23"]
[SourceVersion "1"]
[SourceVersionDate "2020.10.23"]
[SourceQuality "1"]

1. d4 d5 2. Nf3 Nf6 3. c4 e6 4. Nc3 c5 5. e3 Nc6 6. a3 Be7 7. dxc5 Bxc5 8. b4 Nxb4 9. axb4 Be7 10. Ba3 0-0 11. Be2 Qc7 12. 0-0 dxc4 13. b5 Bxa3 14. Rxa3 Bd7 15. Qc2 Nd5 16. Rb1 Rfc8 17. Nxd5 exd5 18. Nd4 Qd6 19. Rba1 a6 20. Bf3 Rc5 21. bxa6 Rxa6 22. Rxa6 bxa6 23. Qc3 f6 24. Nc2 Rb5 25. Nd4 Rb6 26. Qa5 Bb5 27. Rd1 Rb8 28. g3 Qe5 29. Nxb5 axb5 30. Rxd5 Qe8 31. Rd1 Kf8 32. Qc7 Rc8 33. Qd6+ Qe7 34. Qa6 Qe8 35. Qa7 c3 36. Rc1 b4 37. Bd5 Qe7 38. Qa2 g6 39. h4 h5 40. Qc2 Kg7 41. Ba2 Rd8 42. Rd1 Rd6 43. Kf1 Qd7 44. Rxd6 Qxd6 45. Qb3 Qf8 46. Qc4 g5 47. hxg5 fxg5 48. Qd4+ Kh6 49. Bb1 h4 50. Qb6+ Kh5 51. Qg6+ Kg4 52. Bd3 b3 53. Be2+ Kh3 54. Qc6 hxg3 55. Qh1# 1-0

[Event "Niedersachsen-ch op-C"]
[Site "Verden"]
[Date "2013.01.03"]
[Round "1"]
[White "Zozulin, Ruslan"]
[Black "Reichelt, Ole"]
[Result "1-0"]
[WhiteElo "1620"]
[BlackElo "1259"]
[PlyCount "49"]
[EventDate "2013.01.03"]
[EventType "swiss"]
[EventRounds "7"]
[EventCountry "GER"]
[SourceTitle "EXT 2021"]
[Source "ChessBase"]
[SourceDate "2020.10.23"]
[SourceVersion "1"]
[SourceVersionDate "2020.10.23"]
[SourceQuality "1"]

1. e4 e6 2. d4 d5 3. Nd2 dxe4 4. Nxe4 c5 5. Bb5+ Nc6 6. c3 e5 7. d5 a6 8. Ba4 b5 9. dxc6 bxa4 10. Qxa4 Be7 11. Be3 f5 12. Nxc5 Qd5 13. c7+ Kf8 14. Rd1 Qxg2 15. Rd8+ Kf7 16. Qe8+ Kf6 17. Rxc8 Ra7 18. Nd7+ Ke6 19. Nf8+ Kf6 20. Qd7 f4 21. Qe6+ Kg5 22. h4+ Kh5 23. Qxe5+ Kh6 24. Bxf4+ g5 25. hxg5# 1-0

[Event "Niedersachsen-ch U18"]
[Site "Rotenburg"]
[Date "2012.04.04"]
[Round "8"]
[White "Goeing, Felix"]
[Black "Zozulin, Ruslan"]
[Result "0-1"]
[WhiteElo "1298"]
[BlackElo "1511"]
[PlyCount "80"]
[EventDate "2012.03.31"]
[EventType "swiss"]
[EventRounds "9"]
[EventCountry "GER"]
[SourceTitle "EXT 2015"]
[Source "ChessBase"]
[SourceDate "2014.11.20"]
[SourceVersion "1"]
[SourceVersionDate "2014.11.20"]
[SourceQuality "1"]

1. e4 c6 2. Nc3 d5 3. exd5 cxd5 4. d4 e6 5. Nf3 Nf6 6. Be2 Be7 7. 0-0 0-0 8. Bg5 Nc6 9. a3 Bd7 10. Ne5 Rc8 11. Nxc6 Rxc6 12. Nb1 Ne4 13. Bxe7 Qxe7 14. Nd2 Nd6 15. c3 f6 16. Nf3 g5 17. Re1 g4 18. Nd2 f5 19. f3 h5 20. Qc1 Qg5 21. Nb3 f4 22. fxg4 hxg4 23. g3 Ne4 24. Rf1 f3 25. Qxg5+ Nxg5 26. Bb5 Rc7 27. Bxd7 Rxd7 28. Nd2 Rh7 29. Kh1 Kg7 30. Rae1 Rfh8 31. Rf2 Rh3 32. Rg1 Kf6 33. b3 R3h7 34. Re1 Re7 35. a4 Rhe8 36. b4 e5 37. dxe5+ Rxe5 38. Rxe5 Rxe5 39. Rf1 Re2 40. Rd1 Nh3 0-1

[Event "Niedersachsen-ch op-B"]
[Site "Verden"]
[Date "2012.01.03"]
[Round "4"]
[White "Zotin, Vladimir"]
[Black "Zozulin, Ruslan"]
[Result "1/2-1/2"]
[WhiteElo "1895"]
[BlackElo "1481"]
[PlyCount "98"]
[EventDate "2012.01.02"]
[EventType "swiss"]
[EventRounds "7"]
[EventCountry "GER"]
[SourceTitle "EXT 2021"]
[Source "ChessBase"]
[SourceDate "2020.10.23"]
[SourceVersion "1"]
[SourceVersionDate "2020.10.23"]
[SourceQuality "1"]

1. e4 c5 2. Nf3 e6 3. c4 Nc6 4. Nc3 Be7 5. d4 cxd4 6. Nxd4 Bf6 7. Be3 Nge7 8. f4 d6 9. Ndb5 0-0 10. Nxd6 Bxc3+ 11. bxc3 e5 12. f5 Qa5 13. Qb3 a6 14. Be2 Qc7 15. Nxc8 Raxc8 16. Bb6 Qd7 17. Rd1 Qe8 18. 0-0 Kh8 19. Bg4 f6 20. Rd6 Ng8 21. Rfd1 Nh6 22. Bf3 g6 23. Rd7 Rf7 24. Rxf7 Qxf7 25. fxg6 Qxg6 26. c5 Qg7 27. Qe6 Rg8 28. Rd6 Rf8 29. h3 Ng8 30. Rd7 Qg5 31. Qf5 Qe3+ 32. Kh2 Nce7 33. Qe6 Qf4+ 34. Kh1 Qc1+ 35. Rd1 Qxc3 36. Qd6 Qc4 37. Bd8 Qf7 38. Bg4 Nc6 39. Bb6 Nd4 40. Bd7 Qe7 41. Qd5 Rf7 42. Bg4 Rg7 43. Rf1 Rg6 44. Rf2 Qg7 45. Bd8 Rh6 46. Rb2 Qg5 47. Rxb7 Qc1+ 48. Kh2 Qf4+ 49. Kg1 Qc1+ 1/2-1/2